[Event "AUTO-OPEN-431"]
[Site "http://www.queenalice.com/game.php?id=121865"]
[Date "2006.10.26"]
[Round "1"]
[White "ricvila"]
[Black "euclesio"]
[Result "1-0"]
[WhiteElo "1279"]
[BlackElo "1231"]

1. e4 e5 2. Nf3 f6 3. Bc4 Ne7 4. Nc3 c6 5. d4 d5 6. exd5 cxd5 7. Bb3 Bd7 8. dxe5
f5 9. Nxd5 Bc6 10. Nxe7 Bxe7 11. Nd4 Bc5 12. Nxf5 Qd7 13. Qxd7+ Bxd7 14. Nxg7+
Kf8 15. Nh5 Nc6 16. Nf6 Bf5 17. Nh5 Rg8 18. Bxg8 Kxg8 19. Ng3 Bxc2 20. Bd2 Nxe5
21. O-O Rf8 22. Rac1 Ng4 23. h3 Nxf2 24. Rxc2 Bd6 25. Rxf2 Bxg3 26. Rxf8+ Kxf8
27. Bb4+ Kf7 28. Rc3 Be5 29. Rc7+ 1-0

[Event "AUTO-OPEN-431"]
[Site "http://www.queenalice.com/game.php?id=121866"]
[Date "2006.10.26"]
[Round "1"]
[White "euclesio"]
[Black "ricvila"]
[Result "0-1"]
[WhiteElo "1246"]
[BlackElo "1264"]

1. e4 e6 2. Nf3 d5 3. d3 dxe4 4. dxe4 Qxd1+ 5. Kxd1 Nf6 6. Bb5+ c6 7. Bd3 Bc5 8.
Rf1 Ng4 9. h3 Nxf2+ 10. Kd2 Nxd3 11. cxd3 Nd7 12. b3 Nf6 13. Ba3 Bxa3 14. Nxa3
Nd7 15. Ng5 Ne5 16. Rf2 f6 17. Nf3 Nxf3+ 18. gxf3 e5 19. f4 exf4 20. Rxf4 Bxh3
21. Rh1 Be6 22. Rg1 Rg8 23. Nc2 Ke7 24. Nd4 g5 25. Rfg4 h5 26. R4g3 h4 27. R3g2
c5 0-1

[Event "AUTO-OPEN-431"]
[Site "http://www.queenalice.com/game.php?id=121883"]
[Date "2006.10.26"]
[Round "1"]
[White "JAVA"]
[Black "euclesio"]
[Result "1-0"]
[WhiteElo "1652"]
[BlackElo "1230"]

1. d4 d5 2. Bf4 f6 3. e3 e5 4. c3 exf4 5. Bd3 Nc6 6. exf4 Qe7+ 7. Ne2 Qe6 8. O-O
g6 9. Bb5 Ne7 10. Re1 a6 11. Bxc6+ bxc6 12. g3 Qd6 13. b3 c5 14. c4 f5 15. dxc5
Qxc5 16. Nec3 Bg7 17. Na4 Qb4 18. Qe2 Bxa1 19. c5 Bf6 20. Nbc3 O-O 21. Qd3 Bxc3
22. Rxe7 Bf6 23. Qxd5+ Kh8 24. Rxc7 Qb8 25. Nb6 Qxc7 26. Qxa8 Qxc5 27. b4 Qc1+
28. Kg2 Re8 29. Nd5 Bd7 30. Qxa6 Bd4 31. Qd6 Bc6 32. b5 Bxd5+ 33. Qxd5 Qc3 34.
Qd6 Re2 35. Qf8# 1-0

[Event "AUTO-OPEN-431"]
[Site "http://www.queenalice.com/game.php?id=121884"]
[Date "2006.10.26"]
[Round "1"]
[White "euclesio"]
[Black "JAVA"]
[Result "0-1"]
[WhiteElo "1204"]
[BlackElo "1625"]

1. e4 e5 2. f3 Bc5 3. Ne2 d6 4. c3 Nf6 5. d4 Bb6 6. Bg5 h6 7. Be3 Nbd7 8. Nd2
O-O 9. Rc1 exd4 10. Bxd4 c5 11. Be3 Ne5 12. Nf4 d5 13. Rc2 Qc7 14. Nxd5 Nxd5 15.
exd5 Bf5 16. Ne4 c4 17. Qe2 Bxe3 18. Qxe3 Bxe4 19. fxe4 b6 20. b3 cxb3 21. axb3
Rae8 22. Rf2 Ng4 23. Qf3 Nxf2 24. Qxf2 Rxe4+ 25. Be2 Qxc3+ 26. Kd1 Rd4+ 27. Bd3
Rxd3+ 28. Ke2 Re8+ 29. Kf1 Rd1+ 0-1

[Event "AUTO-OPEN-437"]
[Site "http://www.queenalice.com/game.php?id=123885"]
[Date "2006.10.31"]
[Round "1"]
[White "euclesio"]
[Black "josecastroman"]
[Result "0-1"]
[WhiteElo "1284"]
[BlackElo "1908"]

1. e4 e5 2. Nf3 Nc6 3. c3 Bc5 4. d4 exd4 5. cxd4 Bb4+ 6. Nc3 Nf6 7. a3 Ba5 8. e5
Nd5 9. Bd2 Bxc3 10. bxc3 d6 11. c4 Nb6 12. d5 Nxe5 13. Bc3 Nbxc4 14. Nxe5 Nxe5
15. Qa4+ Bd7 16. Qb4 b6 17. Bb5 a5 18. Qb3 Qg5 19. O-O Rd8 20. Rae1 O-O 21. Bd4
Bxb5 22. Qxb5 Nf3+ 23. Kh1 Nxd4 24. Qd3 Qxd5 25. Re4 c5 26. Rfe1 Qf5 27. Re8
Qxd3 28. R8e3 Qd2 29. Kg1 f5 30. Kf1 f4 31. Re4 f3 32. g3 Qd3+ 33. Kg1 Ne2+ 34.
Kf1 Qxe4 0-1

[Event "AUTO-OPEN-437"]
[Site "http://www.queenalice.com/game.php?id=123886"]
[Date "2006.10.31"]
[Round "1"]
[White "josecastroman"]
[Black "euclesio"]
[Result "1-0"]
[WhiteElo "1842"]
[BlackElo "1288"]

1. e4 e5 2. Nf3 Nc6 3. Bc4 d6 4. h3 Be6 5. d3 Nf6 6. Nc3 a6 7. Bg5 b5 8. Bd5 Nd4
9. Bxa8 Qxa8 10. Bxf6 gxf6 11. Nxd4 exd4 12. Ne2 c5 13. Nf4 Bd7 14. Qf3 Qc6 15.
Nd5 f5 16. exf5 Bc8 17. Nf6+ Ke7 18. Qxc6 Bg7 19. Nd5+ 1-0

[Event "AUTO-OPEN-437"]
[Site "http://www.queenalice.com/game.php?id=123887"]
[Date "2006.10.31"]
[Round "1"]
[White "euclesio"]
[Black "joffly"]
[Result "1-0"]
[WhiteElo "1228"]
[BlackElo "1686"]

1. e4 c5 2. c3 g6 3. b3 Bg7 4. Bc4 d6 5. Qf3 Nf6 6. d4 Bg4 7. Qf4 O-O 8. h3 Nh5
9. Qxg4 Qd7 10. Bg5 b5 11. Bd5 Nc6 12. Qxd7 1-0

[Event "AUTO-OPEN-437"]
[Site "http://www.queenalice.com/game.php?id=123888"]
[Date "2006.10.31"]
[Round "1"]
[White "joffly"]
[Black "euclesio"]
[Result "1-0"]
[WhiteElo "1565"]
[BlackElo "1251"]

1. e4 e5 2. Nf3 Nc6 3. d4 d6 4. d5 Nce7 5. Nc3 c6 6. Bc4 b5 7. Bb3 c5 8. Nxb5
Qb6 9. c4 Nf6 10. Qe2 Bg4 11. Ba4 Qa5+ 12. Nc3+ Kd8 13. Bd2 g6 14. O-O Rb8 15.
Nb5 Qxa4 16. Nxd6 Rg8 17. Nxf7+ Ke8 18. b3 Qa6 19. N7g5 Bh6 20. h3 Bd7 21. Nxh7
Nxh7 22. Bxh6 Qf6 23. Nh2 Qh4 24. Ng4 Ng5 25. Nf6+ Kd8 26. Bxg5 Qxg5 27. Nxg8
Nxg8 28. g4 Nf6 29. f3 Qf4 30. Rf2 Qg3+ 31. Rg2 Qxh3 32. Rh2 Qg3+ 33. Rg2 Qf4
34. Kf2 Nxg4+ 35. Ke1 Ne3 36. Rxg6 1-0

[Event "AUTO-OPEN-437"]
[Site "http://www.queenalice.com/game.php?id=123889"]
[Date "2006.10.31"]
[Round "1"]
[White "euclesio"]
[Black "tclout"]
[Result "0-1"]
[WhiteElo "1206"]
[BlackElo "1811"]

1. e4 e5 2. Nf3 Nf6 3. Nxe5 d6 4. Nc4 Nxe4 5. Qe2 Qe7 6. f3 Nf6 7. d3 h6 8. b3
Nc6 9. c3 d5 10. Ncd2 Qxe2+ 11. Bxe2 d4 12. cxd4 Nxd4 13. Nc3 Nc2+ 14. Kd1 Nxa1
15. Bb2 Nxb3 16. Nxb3 Be6 17. d4 O-O-O 18. Na5 Rxd4+ 19. Kc1 Bb4 20. Nb5 Rd2 21.
Nxa7+ Kb8 22. N5c6+ bxc6 23. Nxc6+ Kb7 24. Bb5 Rd5 25. Nxb4 Rxb5 26. Bc3 Rc5 27.
Kc2 Nd5 28. Nxd5 Bxd5 29. Rd1 Bxa2 30. Rd7 Re8 31. Kb2 Re2+ 32. Bd2 Rxg2 0-1

[Event "AUTO-OPEN-437"]
[Site "http://www.queenalice.com/game.php?id=123890"]
[Date "2006.10.31"]
[Round "1"]
[White "tclout"]
[Black "euclesio"]
[Result "1-0"]
[WhiteElo "1820"]
[BlackElo "1232"]

1. e4 e5 2. Nf3 Nc6 3. d4 f6 4. Bc4 Nge7 5. dxe5 fxe5 6. Nc3 g6 7. Ng5 d6 8.
Bf7+ Kd7 9. Ne6 h5 10. Nxd8 Nxd8 11. Qf3 Rh7 12. Qh3+ Kc6 13. Be8+ Kc5 14. Na4+
Kb4 15. Qc3# 1-0

[Event "AUTO-OPEN-441"]
[Site "http://www.queenalice.com/game.php?id=125555"]
[Date "2006.11.5"]
[Round "1"]
[White "everton_jacobi"]
[Black "euclesio"]
[Result "1-0"]
[WhiteElo "1575"]
[BlackElo "1248"]

1. d4 e6 2. Nf3 d5 3. e3 Nf6 4. Bd3 Qd6 5. h3 Nc6 6. O-O b6 7. Re1 Bd7 8. Nc3
Na5 9. e4 O-O-O 10. e5 Qc6 11. exf6 gxf6 12. Bf4 Bb4 13. Bd2 Bd6 14. Nb5 Kb7 15.
Nxd6+ Qxd6 16. a3 Qf8 17. Bxa5 Qg7 18. Bd2 Rhg8 19. Bf1 Qg6 20. Nh2 Rg7 21. g4
Rdg8 22. Bd3 f5 23. Qe2 f6 24. Kh1 h6 25. Rg1 e5 26. dxe5 Rf7 27. exf6 Rxf6 28.
gxf5 Qh7 29. Rxg8 Qxg8 30. Qe5 Qg7 31. Qxd5+ c6 32. Qg2 Qe7 33. Ng4 Rf7 34. Bb4
Qe8 35. Re1 Re7 36. Rxe7 Qd8 37. Be4 Kc7 38. Bxc6 a5 39. Rxd7+ 1-0

[Event "AUTO-OPEN-441"]
[Site "http://www.queenalice.com/game.php?id=125556"]
[Date "2006.11.5"]
[Round "1"]
[White "euclesio"]
[Black "everton_jacobi"]
[Result "0-1"]
[WhiteElo "1300"]
[BlackElo "1601"]

1. e4 c5 2. c3 e6 3. d4 d5 4. Nd2 cxd4 5. cxd4 Bb4 6. a3 Ba5 7. b4 Bb6 8. Bb5+
Nc6 9. Qc2 Bd7 10. Ne2 Rc8 11. Bb2 Nxd4 12. Qd3 Nc2+ 13. Kd1 Nxa1 14. Bxg7 dxe4
15. Nxe4 Bxb5 16. Qd2 Nb3 17. Qxd8+ Rxd8+ 18. Kc2 Nd4+ 19. Nxd4 Bxd4 20. Rd1
Bxg7 21. Nc5 Rxd1 22. Kxd1 b6 23. Ne4 Kd7 24. f3 Nf6 25. g4 Nxe4 26. fxe4 Rd8
27. Kc2 Kd6 28. g5 Ke5 29. h3 Kxe4 30. h4 Kf5 31. a4 Bxa4+ 32. Kc1 Rd1# 0-1

[Event "AUTO-OPEN-441"]
[Site "http://www.queenalice.com/game.php?id=125581"]
[Date "2006.11.5"]
[Round "1"]
[White "CampbellMarcel"]
[Black "euclesio"]
[Result "1-0"]
[WhiteElo "1533"]
[BlackElo "1286"]

1. e4 e5 2. Nf3 Nc6 3. Bc4 Qe7 4. c3 Nf6 5. d3 d6 6. Bg5 h6 7. Bh4 g5 8. Bg3 Be6
9. Bxe6 fxe6 10. O-O Rg8 11. d4 Nxe4 12. dxe5 Nxe5 13. Nxe5 O-O-O 14. Nc4 d5 15.
Ne5 Qf6 16. Ng4 Qg6 17. Qa4 h5 18. Ne5 Qf5 19. Qxa7 c6 20. Nxc6 bxc6 21. Qc7#
1-0

[Event "AUTO-OPEN-441"]
[Site "http://www.queenalice.com/game.php?id=125582"]
[Date "2006.11.5"]
[Round "1"]
[White "euclesio"]
[Black "CampbellMarcel"]
[Result "0-1"]
[WhiteElo "1298"]
[BlackElo "1612"]

1. e4 d5 2. Nc3 d4 3. Nce2 e5 4. c3 dxc3 5. bxc3 Nc6 6. Qa4 Bd7 7. Qb5 Nd4 8.
Qb2 Nxe2 9. Bxe2 Bc5 10. d4 exd4 11. cxd4 Bb6 12. Qb3 Bxd4 13. Rb1 Qf6 14. Nf3
Bc6 15. Bb2 Bxb2 16. Qxb2 Bxe4 17. O-O O-O-O 18. Qb3 Rd6 19. Qxb7+ Bxb7 20. Rb3
Ne7 21. Rfb1 Rb6 22. Bd3 Rxb3 23. axb3 Bxf3 24. gxf3 Qxf3 25. Ba6+ Kb8 26. Re1
Nd5 0-1

[Event "AUTO-OPEN-441"]
[Site "http://www.queenalice.com/game.php?id=125597"]
[Date "2006.11.5"]
[Round "1"]
[White "MerchantParkPro"]
[Black "euclesio"]
[Result "1-0"]
[WhiteElo "1702"]
[BlackElo "1248"]

1. e4 e5 2. Nf3 Qf6 3. Nc3 c6 4. Bc4 b5 5. Bb3 b4 6. Na4 Ba6 7. d3 Qg6 8. O-O
Be7 9. Nxe5 Qf6 10. Nxf7 d5 11. Nxh8 g6 12. exd5 cxd5 13. Bxd5 Nc6 14. Bxg8 Qxh8
15. Bd5 Rc8 16. Re1 Qd4 17. Bxc6+ Rxc6 18. Qe2 Qf6 19. Bd2 Bb7 20. Bxb4 Rc7 21.
Bxe7 Rxe7 22. Qxe7+ Qxe7 23. Rxe7+ Kxe7 24. Nc5 1-0

[Event "AUTO-OPEN-441"]
[Site "http://www.queenalice.com/game.php?id=125598"]
[Date "2006.11.5"]
[Round "1"]
[White "euclesio"]
[Black "MerchantParkPro"]
[Result "0-1"]
[WhiteElo "1248"]
[BlackElo "1702"]

1. e4 e6 2. d4 d5 3. f3 Nf6 4. Qd3 b6 5. e5 Nfd7 6. f4 Ba6 7. Qf3 Bxf1 8. Qxf1
c5 9. c3 Nc6 10. Nf3 cxd4 11. Nxd4 Rc8 12. Qb5 Nxd4 13. cxd4 Rxc1+ 14. Kd2 Rxh1
15. Qe2 Bb4+ 16. Kd3 O-O 17. a3 Be7 18. g3 Qc7 19. Qg2 Qc1 20. Qd2 Rc8 21. a4
Rd1 22. Qxd1 Qxd1+ 0-1

[Event "AUTO-BEG-38"]
[Site "http://www.queenalice.com/game.php?id=126671"]
[Date "2006.11.8"]
[Round "1"]
[White "lay_rj"]
[Black "euclesio"]
[Result "1-0"]
[WhiteElo "1409"]
[BlackElo "1295"]

1. e4 e5 2. d4 d6 3. dxe5 dxe5 4. Nf3 Nc6 5. Bb5 a6 6. Qxd8+ Kxd8 7. Bxc6 bxc6
8. Nxe5 Be6 9. O-O Nf6 10. Nc3 Bc5 11. Na4 Bd4 12. Nxc6+ Kd7 13. Nxd4 Nxe4 14.
Nxe6 fxe6 15. Bf4 Rhf8 16. g3 g5 17. Rad1+ Ke7 18. Bxc7 Rac8 19. Bb6 Rxc2 20.
Rfe1 Nxf2 21. Rd4 Nh3+ 22. Kh1 Rcf2 23. Bc5+ Ke8 24. Rxe6+ Kf7 25. Re7+ Kg6 26.
Rd6+ Kh5 27. Bxf2 Nxf2+ 28. Kg2 Ng4 29. Rxh7+ Nh6 30. Rhxh6+ Kg4 31. Nc5 Rf5 32.
Rd4+ Rf4 33. gxf4 gxf4 34. Rd3 Kg5 35. Rh8 Kg4 36. Rd5 f3+ 37. Kf2 a5 38. Nd3
1-0

[Event "AUTO-BEG-38"]
[Site "http://www.queenalice.com/game.php?id=126672"]
[Date "2006.11.8"]
[Round "1"]
[White "euclesio"]
[Black "lay_rj"]
[Result "0-1"]
[WhiteElo "1282"]
[BlackElo "1420"]

1. e4 e5 2. Nf3 Nc6 3. c3 Nf6 4. d4 d5 5. dxe5 Nxe4 6. Qe2 f6 7. Nbd2 fxe5 8.
Nb3 Qf6 9. Nbd2 Bf5 10. Qb5 O-O-O 11. Be2 d4 12. O-O dxc3 13. Nc4 Qg6 14. Ncxe5
Qf6 15. Bf4 Bd6 16. Bg5 Qe6 17. Bc4 Qe8 18. Nf7 Nxg5 19. Nxd8 Nxf3+ 20. gxf3
Kxd8 21. Rfe1 Qg6+ 22. Kh1 Bh3 23. Rg1 Qf6 24. Rg3 cxb2 25. Rb1 Be5 26. Rxh3 b6
27. Qd5+ Kc8 28. Bb5 Rd8 29. Qxc6 Rd6 30. Qe8+ Rd8 31. Ba6+ Kb8 32. Qh5 c5 33.
Qxh7 Qe6 34. Rh5 Qxa2 35. Rxe5 Qxa6 36. Qc2 Rd3 37. Rxb2 Rd2 38. Qxd2 Qf1# 0-1

[Event "AUTO-BEG-38"]
[Site "http://www.queenalice.com/game.php?id=126691"]
[Date "2006.11.8"]
[Round "1"]
[White "euclesio"]
[Black "wolframwuttkefussballgott"]
[Result "0-1"]
[WhiteElo "1211"]
[BlackElo "1485"]

1. e4 e5 2. c3 b5 3. Bxb5 c6 4. Bc4 d5 5. Bd3 Be6 6. Qf3 Bc5 7. b4 Bb6 8. Nh3
dxe4 9. Bxe4 Nf6 10. Na3 Nxe4 11. Qxe4 Qf6 12. O-O O-O 13. d3 Rd8 14. Bg5 Qf5
15. Bxd8 Bxd8 16. Rae1 Qxe4 0-1

[Event "AUTO-BEG-38"]
[Site "http://www.queenalice.com/game.php?id=126692"]
[Date "2006.11.8"]
[Round "1"]
[White "wolframwuttkefussballgott"]
[Black "euclesio"]
[Result "1-0"]
[WhiteElo "1479"]
[BlackElo "1217"]

1. e4 e5 2. d4 d6 3. d5 Qf6 4. Qf3 Ne7 5. Qxf6 gxf6 6. c4 Rg8 7. f3 Bd7 8. b3
Na6 9. Nc3 O-O-O 10. Be3 b6 11. Nb5 Kb7 12. h3 Ng6 13. g3 Nb4 14. Rh2 a6 15. Nc3
Nc2+ 16. Rxc2 Be7 17. Rf2 Rg7 18. Nge2 Rdg8 19. Bh6 f5 20. Bxg7 1-0